000
00349nam a2200133Ia 4500
008
151001s9999||||xx |||||||||||||| ||und||
100
_a
शशिकला साळगांवकर
245
_a
पुरस्कार
250
_a
1
260
_b
चंद्रमौळी
260
_c
2000
300
_a
192
365
_b
18
999
_c
978512
_d
978509